| 000 | 00500cam a2200193ua 4500 | ||
|---|---|---|---|
| 001 | 10748 | ||
| 005 | 20260515114645.0 | ||
| 008 | 190401n ii |||gr||||Z||||||eng | ||
| 020 | _a9780195646580 | ||
| 040 | _cMAIN | ||
| 082 | _a954 | ||
| 100 |
_aIrfan Habib, _eAuthor., |
||
| 245 |
_aMedieval india 1 _bResrarch in the history of india 1200-1750 |
||
| 250 | _a1st pap ed. | ||
| 260 |
_aNew Delhi: _bOxford university press, _c1999. |
||
| 300 | _a224p. | ||
| 653 | _aSouth Asia India | ||
| 942 | _cBK | ||
| 999 |
_c9704 _d9704 |
||